| 000 | 00734cam a2200241 a 4500 | ||
|---|---|---|---|
| 008 | |||
| 020 | _a0582013658 (hbk.) | ||
| 049 | _aMAIN | ||
| 090 | _aQA911 | ||
| 100 | 1 | _aAbbott, M.B. | |
| 245 | 1 | 0 |
_aComputational fluid dynamics : _ban introduction for engineers / _cM.B. Abbott and D.R. Basco. |
| 260 |
_aNew York : _bLongman Scientific & Technical, _c1989. |
||
| 300 |
_axiv, 425 p. : _bill. ; _c26 cm. |
||
| 500 | _aIncludes index. | ||
| 504 | _aIncludes bibliographical references. | ||
| 650 | 0 | _aFluid dynamics. | |
| 700 | 1 | _aBasco, David R. | |
| 907 |
_a.b10174758 _b12-10-05 _c08-09-05 |
||
| 003 | |||
| 005 | 20230123134105.0 | ||
| 040 | _cNUST | ||
| 942 |
_cBOOKS _kQA911 |
||
| 999 |
_c159875 _d159875 |
||